Pokemon - Les Pokemon de la 2G - Statistiques

Statistiques générales
  • Ce quiz a été pris 3 721 fois
  • Le résultat moyen est 75 sur 100
Statistiques - réponses
Numéro Nom % Correct
#152 Germignon
98%
#155 Héricendre
98%
#158 Kaiminus
98%
#160 Aligatueur
97%
#154 Méganium
97%
#157 Typhlosion
97%
#156 Feurisson
96%
#250 Ho-Oh
96%
#249 Lugia
96%
#159 Crocrodil
94%
#153 Macronium
94%
#251 Celebi
93%
#244 Entei
93%
#243 Raikou
93%
#245 Suicune
93%
#162 Fouinar
90%
#161 Fouinette
90%
#163 Hoothoot
89%
#164 Noarfang
89%
#248 Tyranocif
88%
#196 Mentali
87%
#197 Noctali
87%
#246 Embrylex
86%
#208 Steelix
86%
#247 Ymphect
86%
#239 Elekid
85%
#240 Magby
85%
#180 Lainergie
84%
#181 Pharamp
84%
#172 Pichu
84%
#179 Wattouat
82%
#212 Cizayox
81%
#173 Mélo
81%
#241 Ecremeuh
80%
#168 Migalos
80%
#167 Mimigal
80%
#169 Nostenfer
79%
#175 Togepi
79%
#229 Démolosse
78%
#228 Malosse
78%
#174 Toudoudou
78%
#230 Hyporoi
76%
#238 Lippouti
76%
#176 Togetic
76%
#237 Kapoera
75%
#201 Zarbi
75%
#198 Cornèbre
74%
#200 Feuforêve
74%
#236 Debugant
73%
#185 Simularbre
73%
#165 Coxy
72%
#186 Tarpaud
72%
#166 Coxyclaque
71%
#221 Cochignon
70%
#215 Farfuret
70%
#220 Marcacrin
70%
#199 Roigada
70%
#227 Airmure
69%
#189 Cotovol
69%
#214 Scarhino
69%
#205 Foretress
68%
#182 Joliflor
68%
#242 Leuphorie
68%
#204 Pomdepik
68%
#188 Floravol
67%
#187 Granivol
67%
#218 Limagma
67%
#232 Donphan
66%
#192 Héliatronc
66%
#183 Marill
66%
#177 Natu
66%
#231 Phanpy
66%
#219 Volcaropod
66%
#178 Xatu
66%
#184 Azumarill
65%
#171 Lanturn
65%
#170 Loupio
65%
#224 Octillery
64%
#223 Rémoraid
64%
#191 Tournegrin
64%
#226 Démanta
63%
#233 Porygon2
63%
#216 Teddiursa
63%
#217 Ursaring
63%
#194 Axoloto
62%
#195 Maraiste
62%
#234 Cerfrousse
60%
#206 Insolourdo
60%
#207 Scorplane
60%
#203 Girafarig
59%
#202 Qulbutoké
59%
#225 Cadoizo
58%
#193 Yanma
58%
#190 Capumain
57%
#235 Queulorior
57%
#210 Granbull
56%
#213 Caratroc
55%
#209 Snubbull
55%
#211 Qwilfish
53%
#222 Corayon
52%
Aucun quiz correspondant
Distribution des résultats
% des personnes avec chaque résultat
Percentile par nombre de réponses
Votre historique - résultats
Vous n’avez pas pris ce quiz